=LDR 00000nam 2200000 4500 =001 INLIS000000000021074 =005 20130612115953 =008 ***********************************Ind** =035 ##$$0010-061300000021074 =041 ##$$a Ind =082 ##$$a 350.095 98 =090 ##$$a 350.095 98, Kus f =100 ##$$a Kusumahatmaja =245 ##$$a Pengantar ke arah sistem pemerintahan daerah di Indonesia, Dr. RDH Koesoemaatmaja SH =260 ##$$a 1979 $b Bandung =300 ##$$a vi, 126 hlm, 21 cm =650 ##$$a Pemerintahan Daerah-Indonesia =850 ##$$a NBPNMAT